MLB Players By Picture (Hard) - Statistics

General Stats
  • This quiz has been taken 140 times
  • The average score is 23 of 40
Answer Stats
Picture Answer % Correct
Elly De La Cruz
94%
Lourdes Gurriel Jr.
89%
C.J Abrams
88%
Alex Verdugo
87%
Jose Abreu
86%
Joey Gallo
82%
Rowdy Tellez
82%
Willy Adames
77%
Jackie Bradley Jr.
75%
Kenta Maeda
75%
Jose Alvarado
73%
Christopher Morel
72%
Shota Imanaga
69%
James Outman
65%
D.J Lemahieu
64%
Josiah gray
64%
Jung Hoo-Lee
64%
Johan Rojas
62%
Nate Lowe
62%
Will Benson
61%
Isaac Paredes
60%
Pete Fairbanks
59%
Gio Urshela
57%
Jon Berti
56%
Mackenzie Gore
56%
Paul Blackburn
56%
Alec Burleson
55%
Martin Maldonado
54%
Jose Urquidy
49%
Alex Call
44%
Ezequiel Duran
41%
Kirby Yates
40%
Luis Campusano
39%
Matt McClain
38%
Nicky Lopez
35%
Kyle Farmer
34%
Michael Massey
31%
Tyler Wells
21%
Andrew Nardi
18%
Kendell Graveman
13%
No matching quizzes found
Score Distribution
Percent of People with Each Score
Percentile by Number Answered
Your Score History
You have not taken this quiz